Pátranie ; Mŕtvy v snehu ; Obliehanie (Record no. 20701)
[ view plain ]
| 000 -LEADER | |
|---|---|
| fixed length control field | 01125nam a22003613a 4500 |
| 001 - CONTROL NUMBER | |
| control field | 20701 |
| 003 - CONTROL NUMBER IDENTIFIER | |
| control field | VRT |
| 005 - DATE AND TIME OF LATEST TRANSACTION | |
| control field | 20260130110605.0 |
| 008 - FIXED-LENGTH DATA ELEMENTS--GENERAL INFORMATION | |
| fixed length control field | 231005s1981 xo g 000 1 slo d |
| 035 ## - SYSTEM CONTROL NUMBER | |
| System control number | a000732831 |
| 039 #9 - LEVEL OF BIBLIOGRAPHIC CONTROL AND CODING DETAIL [OBSOLETE] | |
| Level of rules in bibliographic description | 202410250930 |
| Level of effort used to assign nonsubject heading access points | fuskovaz |
| Level of effort used to assign subject headings | 202312061058 |
| Level of effort used to assign classification | fuskovaz |
| 040 ## - CATALOGING SOURCE | |
| Original cataloging agency | UKB |
| Language of cataloging | slo |
| Transcribing agency | UKB |
| Description conventions | AACR2 |
| 041 1# - LANGUAGE CODE | |
| Language code of text/sound track or separate title | slo |
| Language code of original | nor |
| 044 ## - COUNTRY OF PUBLISHING/PRODUCING ENTITY CODE | |
| MARC country code | xo |
| ISO country code | SK |
| 100 1# - MAIN ENTRY--PERSONAL NAME | |
| Personal name | Torjussen, David |
| Relationship | aut |
| 245 10 - TITLE STATEMENT | |
| Title | Pátranie ; Mŕtvy v snehu ; Obliehanie |
| Statement of responsibility, etc. | David Torjussen ; z nór. orig. prel. Jaroslav Kaňa |
| 260 ## - PUBLICATION, DISTRIBUTION, ETC. | |
| Place of publication, distribution, etc. | Bratislava |
| Name of publisher, distributor, etc. | Slovenský spisovateľ |
| Date of publication, distribution, etc. | 1981 |
| 300 ## - PHYSICAL DESCRIPTION | |
| Extent | 525 s. |
| 490 1# - SERIES STATEMENT | |
| Series statement | Zelená knižnica |
| 500 ## - GENERAL NOTE | |
| General note | Dokument obsahuje 3 diela |
| 530 ## - ADDITIONAL PHYSICAL FORM AVAILABLE NOTE | |
| Additional physical form available note | Dostupný aj zvukový záznam |
| 700 1# - ADDED ENTRY--PERSONAL NAME | |
| Personal name | Kaňa, Jaroslav, |
| Dates associated with a name | 1925-2004 |
| Relationship | trl |
| 740 02 - ADDED ENTRY--UNCONTROLLED RELATED/ANALYTICAL TITLE | |
| Uncontrolled related/analytical title | Mŕtvy v snehu |
| 740 02 - ADDED ENTRY--UNCONTROLLED RELATED/ANALYTICAL TITLE | |
| Uncontrolled related/analytical title | Obliehanie |
| 776 0# - ADDITIONAL PHYSICAL FORM ENTRY | |
| Title | Mŕtvy v snehu |
| Relationship information | [zvukový záznam] |
| 776 0# - ADDITIONAL PHYSICAL FORM ENTRY | |
| Title | Pátranie |
| Relationship information | [zvukový záznam] |
| 776 0# - ADDITIONAL PHYSICAL FORM ENTRY | |
| Title | Obliehanie |
| Relationship information | [zvukový záznam] |
| 830 #0 - SERIES ADDED ENTRY--UNIFORM TITLE | |
| Uniform title | Zelená knižnica |
| 910 ## - USER-OPTION DATA (OCLC) | |
| User-option data | ukb |
| 942 ## - ADDED ENTRY ELEMENTS (KOHA) | |
| Source of classification or shelving scheme | Dewey Decimal Classification |
| Koha item type | Krásna literatúra pre dospelých |
| Suppress in OPAC | No |
| 949 ## - LOCAL PROCESSING INFORMATION (OCLC) | |
| 6 | 1282540 |
| a | 24.D.83035 |
| b | PV.8083-81 |
| 949 ## - LOCAL PROCESSING INFORMATION (OCLC) | |
| 6 | 1282541 |
| a | S.D.73179 |
| b | PV.8084-81 |
| Stav vyradenia | Strata | Poškodenie | Spôsob nadobudnutia | Domovská knižnica | Aktuálna knižnica | Dátum nadobudnutia | Total checkouts | Čiarový kód exemplára | Date last seen | Typ exemplára |
|---|---|---|---|---|---|---|---|---|---|---|
| Dar | Obecná knižnica Horná Štubňa | Obecná knižnica Horná Štubňa | 30.01.2026 | 4736200837 | 30.01.2026 | Krásna literatúra pre dospelých |
